[Event "NOR-chT Clubs"]
[Site "Drammen"]
[Date "2022.05.26"]
[Round "1"]
[White "Hagen, Anders Gjerdrum"]
[Black "Hojem, Roger"]
[Result "1-0"]
[WhiteElo "2167"]
[BlackElo "1624"]
[PlyCount "35"]
[EventDate "2022.05.26"]
[EventType "team-swiss"]
[EventRounds "6"]
[EventCountry "NOR"]
[SourceTitle "EXT 2024"]
[Source "ChessBase"]
[SourceDate "2023.10.10"]
[SourceVersion "1"]
[SourceVersionDate "2023.10.10"]
[SourceQuality "1"]
[WhiteTeam "Offerspill Washed up"]
[BlackTeam "Kristiansund Hobby"]
[WhiteTeamCountry "NOR"]
[BlackTeamCountry "NOR"]

1. d4 Nf6 2. c4 e5 3. dxe5 Ng4 4. Nf3 Bc5 5. e3 Nc6 6. Be2 Qe7 7. a3 a5 8. Nc3 Ngxe5 9. Nd5 Nxf3+ 10. Bxf3 Qd8 11. Bd2 Ne5 12. Bc3 d6 13. b4 axb4 14. axb4 Rxa1 15. Qxa1 Nxf3+ 16. gxf3 Bb6 17. Bxg7 Bxe3 18. Nf6+ 1-0

[Event "NOR-chT Clubs"]
[Site "Drammen"]
[Date "2022.05.26"]
[Round "3"]
[White "Hojem, Roger"]
[Black "Unneland, Mathias"]
[Result "0-1"]
[WhiteElo "1624"]
[BlackElo "2230"]
[PlyCount "68"]
[EventDate "2022.05.26"]
[EventType "team-swiss"]
[EventRounds "6"]
[EventCountry "NOR"]
[SourceTitle "EXT 2024"]
[Source "ChessBase"]
[SourceDate "2023.10.10"]
[SourceVersion "1"]
[SourceVersionDate "2023.10.10"]
[SourceQuality "1"]
[WhiteTeam "Kristiansund Hobby"]
[BlackTeam "Aalesunds"]
[WhiteTeamCountry "NOR"]
[BlackTeamCountry "NOR"]

1. e4 c5 2. Nc3 Nc6 3. Nf3 e5 4. Bc4 d6 5. h3 Be7 6. 0-0 Nf6 7. d3 h6 8. Be3 0-0 9. Qd2 Be6 10. Bxe6 fxe6 11. Rad1 Kh7 12. Qe1 Nh5 13. Ne2 Qe8 14. Kh1 g5 15. Nh2 Qg6 16. Ng4 Rg8 17. f3 Raf8 18. c3 d5 19. exd5 exd5 20. d4 cxd4 21. cxd4 e4 22. Ng1 Bb4 23. Qf2 Bd6 24. Ne2 Qe6 25. a3 a5 26. Rb1 Rg7 27. Nh2 exf3 28. Nxf3 Re8 29. Nfg1 Qxe3 30. Qf5+ Kh8 31. Qxd5 Ng3+ 32. Nxg3 Qxg3 33. Nf3 g4 34. Qh5 gxh3 0-1

[Event "Politiken Cup 37th"]
[Site "Helsingor"]
[Date "2015.07.28"]
[Round "5"]
[White "Hojem, Roger"]
[Black "Bakkejord, Odd Vidar"]
[Result "1-0"]
[WhiteElo "1738"]
[BlackElo "1482"]
[PlyCount "71"]
[EventDate "2015.07.25"]
[EventType "swiss"]
[EventRounds "10"]
[EventCountry "DEN"]
[SourceTitle "CBM 167 Extra"]
[Source "ChessBase"]
[SourceDate "2015.09.14"]
[SourceVersion "1"]
[SourceVersionDate "2015.09.14"]
[SourceQuality "1"]

1. e4 g6 2. d4 d6 3. Nf3 Bg7 4. c4 Bg4 5. Be2 Nd7 6. Nc3 c6 7. Be3 Qa5 8. Qc1 Bxf3 9. Bxf3 f5 10. exf5 Qxf5 11. 0-0 Qf7 12. d5 Ne5 13. Be2 Nf6 14. Qd2 0-0 15. h3 Nh5 16. Bxh5 gxh5 17. Qe2 Qg6 18. f4 Nd7 19. Qf3 Bxc3 20. bxc3 c5 21. f5 Qg7 22. Qxh5 Qf7 23. Qh4 Kh8 24. Rae1 Rae8 25. Bg5 Rg8 26. Rxe7 Rxe7 27. Bxe7 Qg7 28. g4 Qxc3 29. f6 Qd4+ 30. Qf2 Qxf2+ 31. Rxf2 Re8 32. Bxd6 b6 33. f7 Rc8 34. f8Q+ Nxf8 35. Rxf8+ Rxf8 36. Bxf8 1-0

[Event "Politiken Cup 37th"]
[Site "Helsingor"]
[Date "2015.07.27"]
[Round "4"]
[White "Ski, Jonathan K"]
[Black "Hojem, Roger"]
[Result "1/2-1/2"]
[WhiteElo "1549"]
[BlackElo "1738"]
[PlyCount "38"]
[EventDate "2015.07.25"]
[EventType "swiss"]
[EventRounds "10"]
[EventCountry "DEN"]
[SourceTitle "CBM 167 Extra"]
[Source "ChessBase"]
[SourceDate "2015.09.14"]
[SourceVersion "1"]
[SourceVersionDate "2015.09.14"]
[SourceQuality "1"]

1. e4 e6 2. d4 d5 3. exd5 exd5 4. Nf3 Nc6 5. Bf4 Nf6 6. Be2 Be7 7. 0-0 0-0 8. c3 Re8 9. Nbd2 Bd6 10. Bg5 h6 11. Bh4 Be6 12. Re1 Be7 13. Bd3 Nb8 14. Qc2 Nbd7 15. Re2 c5 16. Rae1 cxd4 17. Nxd4 Nc5 18. Bxf6 Bxf6 19. Bf5 Qd7 1/2-1/2

[Event "Politiken Cup 37th"]
[Site "Helsingor"]
[Date "2015.07.26"]
[Round "3"]
[White "Hojem, Roger"]
[Black "Ski, Alexander K"]
[Result "1/2-1/2"]
[WhiteElo "1738"]
[BlackElo "1445"]
[PlyCount "110"]
[EventDate "2015.07.25"]
[EventType "swiss"]
[EventRounds "10"]
[EventCountry "DEN"]
[SourceTitle "CBM 167 Extra"]
[Source "ChessBase"]
[SourceDate "2015.09.14"]
[SourceVersion "1"]
[SourceVersionDate "2015.09.14"]
[SourceQuality "1"]

1. e4 e5 2. Nf3 Nc6 3. d4 exd4 4. Bc4 Bb4+ 5. Bd2 Qe7 6. 0-0 Nf6 7. Re1 0-0 8. Bxb4 Qxb4 9. Bb3 d6 10. a3 Qc5 11. Nbd2 Bg4 12. h3 Bh5 13. g4 Bg6 14. g5 Nd7 15. Bd5 Nce5 16. b4 Qb5 17. Nxd4 Qb6 18. c3 Nd3 19. Nc4 Qa6 20. b5 Nb2 21. Nxb2 Qa5 22. Qc2 c6 23. bxc6 bxc6 24. Nxc6 Qc5 25. Ne7+ Kh8 26. Nd3 Qa5 27. Nxg6+ fxg6 28. Bxa8 Qxg5+ 29. Kf1 Rxa8 30. Qc1 Qh4 31. Qe3 g5 32. Qg3 Qh5 33. Qg4 Qf7 34. Rab1 Rf8 35. Rb7 Qc4 36. Rxd7 Qxd3+ 37. Kg2 Qxc3 38. Re3 Qd2 39. Rf3 Rg8 40. Rff7 a5 41. h4 gxh4 42. Rxg7 h3+ 43. Kh1 Qe1+ 44. Kh2 Qxf2+ 45. Kxh3 Qe3+ 46. Kg2 Qd2+ 47. Kf3 Qd3+ 48. Kf4 Qf1+ 49. Ke3 Qe1+ 50. Kd3 Qf1+ 51. Kc2 Qc4+ 52. Kd1 Qd4+ 53. Ke2 Qb2+ 54. Kf1 Qf6+ 55. Ke2 Rxg7 1/2-1/2

[Event "Politiken Cup 37th"]
[Site "Helsingor"]
[Date "2015.07.25"]
[Round "1"]
[White "Hojem, Roger"]
[Black "Molvig, Henrik"]
[Result "0-1"]
[WhiteElo "1738"]
[BlackElo "2157"]
[PlyCount "40"]
[EventDate "2015.07.25"]
[EventType "swiss"]
[EventRounds "10"]
[EventCountry "DEN"]
[SourceTitle "CBM 167 Extra"]
[Source "ChessBase"]
[SourceDate "2015.09.14"]
[SourceVersion "1"]
[SourceVersionDate "2015.09.14"]
[SourceQuality "1"]

1. e4 c5 2. d4 cxd4 3. c3 dxc3 4. Nxc3 Nc6 5. Nf3 d6 6. Bc4 a6 7. 0-0 Nf6 8. Qe2 Bg4 9. Rd1 e6 10. Bg5 Be7 11. Rac1 0-0 12. a3 Qa5 13. Bxf6 Bxf6 14. Rxd6 Bxf3 15. Qxf3 Ne5 16. Qe2 Qc5 17. Rdd1 Qxc4 18. Qe3 Qb3 19. f4 Ng4 20. Qe1 Qb6+ 0-1